000 00648nam a22001817a 4500
005 20251108163338.0
008 250721s2008 xx 000 0 ara d
082 1 4 _a956.541/عشو
100 1 _aالعشوش، خالد عطية
245 1 0 _aلواء الأغوار الجنوبية عبق الماضي و إشراقة المستقبل التاريخ المجبول بالعرق و الشمس اللافحة /
264 1 _aعمان :
_bدار عالم الثقافة،
_c2008.
300 _a520ص.
650 1 7 _aالاردن
650 1 7 _aوادي الاردن
650 1 7 _aالاغوار الجنوبيه
942 _2ddc
_cBK
999 _c333
_d333